000 00751nam a22002177a 4500
999 _c19559
_d19559
003 AR-CdUCM
008 190518b ||||| |||| 00| 0 spa d
040 _aMUNICIPALIDAD PROVINCIAL DEL CUSCO
_cBIBLIOTECA MUNICIPAL DEL CUSCO
082 _a335.4 /
_bF39
100 _aFebrero R, Raul
_940971
245 _aMarxismo y nacionalismo :
_bEstado nacional corporativo /
260 _aLima :
_bLumen,
_c1556.
300 _a264 páginas ;
_c24 cm.
500 _z
505 _aContenido : Principios esenciales del materialismo histórico -- Evolución y dialéctica -- Lucha de clases...
650 _aRefutación al marxismo
_940972
650 _aEvolución
_97012
650 _aDeterminismo económico
_940973
942 _2ddc
_cLIBROS
945 _arcc